[Event "Hessen-ch U12"]
[Site "Bad Homburg"]
[Date "2013.??.??"]
[Round "3"]
[White "Aminov, Daniel"]
[Black "Hoffmann, Marius"]
[Result "1-0"]
[WhiteElo "791"]
[BlackElo "668"]
[PlyCount "77"]
[EventDate "2013.03.??"]
[EventType "swiss"]
[EventRounds "9"]
[EventCountry "GER"]
[SourceTitle "EXT 2014"]
[Source "ChessBase"]
[SourceDate "2013.11.20"]
[SourceVersion "1"]
[SourceVersionDate "2013.11.20"]
[SourceQuality "1"]

1. e4 e5 2. Nf3 Nc6 3. Nc3 g6 4. d4 Bg7 5. Be3 f5 6. Bc4 f4 7. Bd2 exd4 8. Ne2 Be5 9. Nxf4 Bxf4 10. Bxf4 h6 11. Bxg8 Rxg8 12. Bxh6 g5 13. Nxd4 Qf6 14. Qh5+ Rg6 15. Nxc6 dxc6 16. f3 Ke7 17. e5 Qf5 18. 0-0-0 Ke6 19. g4 Qf7 20. Bxg5 Rg7 21. Qxf7+ Rxf7 22. f4 Rg7 23. Rd8 a6 24. Re8+ Kf7 25. Re7+ Kf8 26. Rxg7 Kxg7 27. f5 Bd7 28. Rd1 Bc8 29. h4 a5 30. h5 Ra6 31. h6+ Kh7 32. e6 Kg8 33. e7 Kf7 34. Rd8 Bd7 35. Rxd7 Ke8 36. Rxc7 Rb6 37. h7 Kf7 38. h8Q Rxb2 39. Qf8# 1-0

[Event "Hessen-ch U12"]
[Site "Bad Homburg"]
[Date "2013.??.??"]
[Round "2"]
[White "Hoffmann, Marius"]
[Black "Gaidies, Nils"]
[Result "1/2-1/2"]
[WhiteElo "668"]
[BlackElo "819"]
[PlyCount "87"]
[EventDate "2013.03.??"]
[EventType "swiss"]
[EventRounds "9"]
[EventCountry "GER"]
[SourceTitle "EXT 2014"]
[Source "ChessBase"]
[SourceDate "2013.11.20"]
[SourceVersion "1"]
[SourceVersionDate "2013.11.20"]
[SourceQuality "1"]

1. e4 e6 2. Nf3 d6 3. Nc3 Nd7 4. Bb5 Ne7 5. Bxd7+ Qxd7 6. b3 g6 7. Bb2 Bg7 8. d3 0-0 9. Qd2 b6 10. 0-0-0 Bb7 11. Kb1 c5 12. g3 a5 13. h3 e5 14. g4 h6 15. h4 Qxg4 16. Qe2 Qd7 17. Rdg1 h5 18. Qe3 Ba6 19. Ng5 Bh6 20. Rf1 f6 21. f3 fxg5 22. hxg5 Bg7 23. f4 exf4 24. Rxf4 Rxf4 25. Qxf4 Rf8 26. Qc1 Qg4 27. a3 h4 28. Rg1 Qf3 29. Rh1 h3 30. Qg1 Bd4 31. Qh2 Qh5 32. Qg3 Bc8 33. Nb5 Rf3 34. Qh2 Rf2 35. Qg1 h2 36. Qg3 Rf1+ 37. Rxf1 h1Q 38. Rxh1 Qxh1+ 39. Ka2 Bg1 40. Qxd6 Qh7 41. Qc7 Be3 42. Na7 Bxg5 43. Nxc8 Nxc8 44. Qxc8+ 1/2-1/2

[Event "Hessen-ch U12"]
[Site "Bad Homburg"]
[Date "2013.??.??"]
[Round "4"]
[White "Krauthan, Finn"]
[Black "Hoffmann, Marius"]
[Result "0-1"]
[WhiteElo "763"]
[BlackElo "668"]
[PlyCount "118"]
[EventDate "2013.03.??"]
[EventType "swiss"]
[EventRounds "9"]
[EventCountry "GER"]
[SourceTitle "EXT 2014"]
[Source "ChessBase"]
[SourceDate "2013.11.20"]
[SourceVersion "1"]
[SourceVersionDate "2013.11.20"]
[SourceQuality "1"]

1. b3 e5 2. Bb2 Nc6 3. e3 Nf6 4. c4 d6 5. Nc3 Bg4 6. f3 Be6 7. d4 g6 8. f4 exf4 9. exf4 Nb4 10. a3 Bg4 11. Be2 Bxe2 12. Qxe2+ Qe7 13. axb4 Qxe2+ 14. Ncxe2 d5 15. Nf3 Bxb4+ 16. Nc3 dxc4 17. bxc4 a6 18. 0-0 0-0-0 19. Ne2 Rhe8 20. Rfe1 Bxe1 21. Rxe1 Re7 22. d5 Rde8 23. Bxf6 Rxe2 24. Rxe2 Rxe2 25. Nd4 Re1+ 26. Kf2 Rc1 27. c5 Rxc5 28. d6 cxd6 29. Nb3 Rb5 30. Nd4 Rb2+ 31. Ne2 Rd2 32. Bc3 Rc2 33. Bd4 a5 34. Ke1 b5 35. Nc3 b4 36. Na4 Ra2 37. Nb6+ Kb7 38. Nc4 a4 39. Nxd6+ Kc6 40. Nxf7 a3 41. Kd1 b3 42. Kc1 Rxg2 43. Ne5+ Kd5 44. Bc3 b2+ 45. Kb1 h5 46. Bxb2 axb2 47. Ka2 g5 48. Nd3 Kd4 49. Nxb2 gxf4 50. Kb3 f3 51. Nd1 f2 52. h4 f1Q 53. Nc3 Rg3 54. Kb2 Qf3 55. Nb5+ Kc4 56. Nd6+ Kd4 57. Nb5+ Ke5 58. Nd4 Kxd4 59. Ka1 Rg2 0-1

[Event "Hessen-ch U12"]
[Site "Bad Homburg"]
[Date "2013.??.??"]
[Round "1"]
[White "Rudolph, Sebastian"]
[Black "Hoffmann, Marius"]
[Result "1-0"]
[WhiteElo "961"]
[BlackElo "668"]
[PlyCount "131"]
[EventDate "2013.03.??"]
[EventType "swiss"]
[EventRounds "9"]
[EventCountry "GER"]
[SourceTitle "EXT 2014"]
[Source "ChessBase"]
[SourceDate "2013.11.20"]
[SourceVersion "1"]
[SourceVersionDate "2013.11.20"]
[SourceQuality "1"]

1. e4 e5 2. Nf3 Nc6 3. Bc4 Nf6 4. Nc3 h6 5. d3 Bb4 6. Bd2 Bxc3 7. Bxc3 d6 8. h3 b6 9. 0-0 Bb7 10. Re1 Qd7 11. d4 0-0 12. d5 Na5 13. Bd3 Rae8 14. b4 Nc6 15. dxc6 Bxc6 16. Bc4 b5 17. Bb3 Nxe4 18. Bb2 a6 19. Bd5 Nf6 20. Bxc6 Qxc6 21. Qe2 Re7 22. Rad1 Nd5 23. Qe4 Nxb4 24. Qxb4 Rd8 25. Nxe5 Rxe5 26. Rxe5 Qxc2 27. Rc1 c5 28. Rxc2 cxb4 29. Re1 d5 30. Rd1 a5 31. Rcd2 a4 32. Rxd5 Rxd5 33. Rxd5 a3 34. Bxa3 bxa3 35. Rxb5 Kh8 36. Ra5 f6 37. Rxa3 Kh7 38. Re3 Kg8 39. a4 Kh7 40. a5 Kh8 41. a6 Kg8 42. a7 Kh7 43. a8B Kg8 44. Be4 Kf7 45. Bf5 g6 46. Bxg6+ Kxg6 47. Kh2 Kh7 48. Kg3 Kg7 49. Kh4 Kg6 50. Re6 Kf7 51. Ra6 Kg6 52. g4 Kg7 53. Kh5 Kh7 54. Ra7+ Kg8 55. Kg6 Kf8 56. Rb7 Ke8 57. Kxf6 Kd8 58. Ke6 Kc8 59. Rd7 Kb8 60. Kd6 Kc8 61. Kc6 Kb8 62. Rc7 Ka8 63. Kb6 h5 64. gxh5 Kb8 65. Rc6 Ka8 66. Rc8# 1-0